[Event "Toronto Dutton CC ch"]
[Site "Toronto"]
[Date "2002.05.22"]
[Round "1"]
[White "Hutchinson, Alan"]
[Black "Dutton, Warren Richard"]
[Result "0-1"]
[WhiteElo "1893"]
[BlackElo "1993"]
[PlyCount "70"]
[EventDate "2002.05.22"]
[EventType "swiss"]
[EventRounds "6"]
[EventCountry "CAN"]
[SourceTitle "EXT 2022"]
[Source "ChessBase"]
[SourceDate "2021.10.06"]
[SourceVersion "1"]
[SourceVersionDate "2021.10.06"]
[SourceQuality "1"]

1. Nf3 g6 2. d4 Nf6 3. Bg5 Bg7 4. Bxf6 Bxf6 5. e4 d6 6. Bc4 0-0 7. 0-0 Nc6 8. c3 Bg7 9. Re1 a6 10. a4 h6 11. Nbd2 Kh8 12. Nf1 e5 13. dxe5 Nxe5 14. Nxe5 Bxe5 15. Ng3 Qg5 16. Qb3 Kg7 17. Rad1 h5 18. Qc2 b5 19. Bf1 Qf4 20. Qd2 Qxd2 21. Rxd2 bxa4 22. Rd5 Bd7 23. Ra5 Rfb8 24. Re2 h4 25. Nh1 Bb5 26. Rd2 Bf6 27. Bxb5 axb5 28. Rxa8 Rxa8 29. Rd5 a3 30. bxa3 Rxa3 31. g3 h3 32. Rd1 Bxc3 33. f4 c5 34. Nf2 Bd4 35. Kf1 Rf3 0-1